| 000 | 00464nam a2200181Ia 4500 | ||
|---|---|---|---|
| 008 | 180424s9999 xx 000 0 und d | ||
| 020 | _a30891027 | ||
| 084 | _a519.9 K26 | ||
| 100 | _a"Kim, Chaiho" | ||
| 245 | 0 | _aStatistical Analysis for Induction and Decision | |
| 250 | _a\\197300ENGGPSX | ||
| 260 | _aHolt Rinehart and Winston | ||
| 260 | _b1973 | ||
| 260 | _cNew York | ||
| 300 | _axv+523 p | ||
| 500 | _aincludes index and biblioraphy | ||
| 942 | _cBK | ||
| 999 |
_c26541 _d26541 |
||